Mathematics magazine

Bibliographic Details
Previous Title:National mathematics magazine (Online)
Corporate Author: Mathematical Association of America
Format: Electronic Journal
Language:English
Published: Pacoima, Calif. : Mathematics Magazine, 1947-
Subjects:
Online Access:Full text available from Research Library: 04/01/1997 to 06/30/2007

MARC

LEADER 00000nas a2200000 a 4500
001 ssj0012626
003 WaSeSS
005 20200512172242.0
006 m d
007 cr n
008 021211c19479999dcuqx pss 0 a0eng c
010 |a  2002227241 
015 |a GBB819423  |2 bnb 
016 7 |a 021666768  |2 DE-101 
016 7 |a 2044493-X  |2 DE-600 
016 7 |a 018594228  |2 Uk 
022 |a 1930-0980  |y 0025-570X 
035 |a (WaSeSS)ssj0012626 
037 |b Mathematical Association of America, 1529 18th St., NW, Washington, DC 20036 
040 |a EYM  |b eng  |c EYM  |d OCLCQ  |d DLC  |d NSD  |d CIT  |d DLC  |d OCLCQ  |d GBVCP  |d OCLCQ  |d DLC  |d OCLCA  |d OCLCF  |d VT2  |d OCLCQ  |d DEBBG  |d GILDS  |d UKMGB  |d ELW  |d OCLCO  |d NJT  |d SFB  |d CNMTR  |d DLC  |d WaSeSS 
042 |a pcc  |a nsdp 
050 0 0 |a QA1 
082 1 0 |a 510  |2 14 
130 0 |a Mathematics magazine (Online) 
210 0 |a Math. mag.  |b (Online) 
222 0 |a Mathematics magazine  |b (Online) 
245 1 0 |a Mathematics magazine  |h [electronic resource]. 
260 |a Pacoima, Calif. :  |b Mathematics Magazine,  |c 1947- 
310 |a Five no. a year 
362 0 |a Vol. 21, no. 1 (Sept./Oct. 1947)- 
500 |a Title from title screen (viewed Dec. 12, 2002). 
500 |a Place of publication varies. 
506 |a License restrictions may limit access. 
515 |a Vol. for 1960/1961 contains 7 issues. 
538 |a Mode of access: World Wide Web. 
550 |a Issued by: Mathematical Association of America, Mar./Apr. 1961-<Oct. 2001> 
588 |a Latest issue consulted: Vol. 93, issue 2 (2020); (Taylor & Francis online, viewed May 4, 2020). 
650 0 |a Mathematics  |v Periodicals. 
650 7 |a Mathematics.  |2 fast  |0 (OCoLC)fst01012163 
655 0 |a Electronic journals. 
710 2 |a Mathematical Association of America. 
776 1 |t Mathematics magazine  |x 0025-570X  |w (DLC) 47003192  |w (OCoLC)1756877 
780 0 0 |t National mathematics magazine (Online)  |x 2326-6708  |w (DLC) 2002227240  |w (OCoLC)51205237 
850 |a DLC 
856 4 0 |z Full text available from Research Library: 04/01/1997 to 06/30/2007  |u https://search.proquest.com/publication/41838